International Conference on Soils and Nutrition of Perennial crops (icosanp) : Proceedings of the International Conference, Kuala Lumpur 13-15 Aug 1984 (Record no. 41342)
[ view plain ]
| 000 -LEADER | |
|---|---|
| fixed length control field | 00686nam a2200193Ia 4500 |
| 082 ## - DEWEY DECIMAL CLASSIFICATION NUMBER | |
| Classification number | 631.4:631.81:061.3 |
| Item number | BAC |
| 245 #0 - TITLE STATEMENT | |
| Title | International Conference on Soils and Nutrition of Perennial crops (icosanp) : Proceedings of the International Conference, Kuala Lumpur 13-15 Aug 1984 |
| 260 ## - PUBLICATION, DISTRIBUTION, ETC. (IMPRINT) | |
| Place of publication | Malaysia |
| Name of publisher | The Malaysian Society of Soil Science |
| 650 ## - SUBJECT ADDED ENTRY--TOPICAL TERM | |
| Topical Term | Hevea manganese toxicity |
| 650 ## - SUBJECT ADDED ENTRY--TOPICAL TERM | |
| Topical Term | Hevea nitrogen manuring |
| 650 ## - SUBJECT ADDED ENTRY--TOPICAL TERM | |
| Topical Term | Rubber factory effluent |
| 650 ## - SUBJECT ADDED ENTRY--TOPICAL TERM | |
| Topical Term | Rubber fertilizers |
| 650 ## - SUBJECT ADDED ENTRY--TOPICAL TERM | |
| Topical Term | Rubber irrigation |
| 650 ## - SUBJECT ADDED ENTRY--TOPICAL TERM | |
| Topical Term | Rubber radio tracers |
| 700 ## - ADDED ENTRY--PERSONAL NAME | |
| Personal name | Bachik, A T |
| 700 ## - ADDED ENTRY--PERSONAL NAME | |
| Personal name | Pushparajah, E |
| 942 ## - ADDED ENTRY ELEMENTS (KOHA) | |
| Koha item type | Books |
| Withdrawn status | Lost status | Damaged status | Not for loan | Home library | Current library | Date acquired | Cost, normal purchase price | Full call number | Accession Number | Koha item type |
|---|---|---|---|---|---|---|---|---|---|---|
| RRII Library | RRII Library | 16/12/2021 | 75.00 | 631.4:631.81:061.3 BAC | 21630 | Books |